000 00658cam a2200193 i 4500
005 20260217092830.0
008 250721s9999 jo gr 000 0 ara d
041 1 _aara
_aeng
082 1 4 _a355.003
_bE T A
100 1 _aEtaywe، Awni S.
_eAuthor.
245 1 4 _aThe Binos :
_bEnglish-Arabic dictionary of the key and common military terms, expressions and abbreviations; pluse Usful Supplement /
_cAwni S. Etawe.
250 _aSecond Edition.
264 3 1 _aAmman :
_bAwni S . Etawe،
_c[بين 2000و 2005].
300 _a162 pages.
650 1 7 _aMILITARY SCIENCE.
650 1 7 _aDICTIONARIES.
942 _2ddc
_cBK
999 _c116662
_d116662